000 00341nam a2200133Ia 4500
005 20260326100034.0
008 260326s9999||||xx |||||||||||||| ||und||
100 _aAsensio Cerver, Francisco
245 0 _aEduardo Souto de Moura /
_cFrancisco Asensio Cerver
260 _bKliczkowski
300 _a79 p.
650 _aARQUITECTOS
942 _cBK
999 _c6723
_d6723